| 000 | 00689nam a2200169Ia 4500 | ||
|---|---|---|---|
| 008 | 090711s9999 xx 000 0 und d | ||
| 082 | _b45347 | ||
| 100 | _aमतकरी रत्नाकर | ||
| 245 | _aरत्नाकर मतकरींSया निवडक गूढकथा | ||
| 260 |
_bमीनल प्रकाशन _c1982 |
||
| 300 | _a241 | ||
| 600 | _aमतकरी रत्नाकर | ||
| 630 | _aरत्नाकर मतकरींSया निवडक गूढकथा | ||
| 700 | _aमतकरी रत्नाकर | ||
| 730 | _aरत्नाकर मतकरींSया निवडक गूढकथा | ||
| 942 | _cBOOK | ||
| 999 |
_c331030 _d331030 |
||